| 000 | 00489nam a22001697a 4500 | ||
|---|---|---|---|
| 003 | SGT | ||
| 020 | _a9788131708897 | ||
| 082 |
_a658.56 _bMUH |
||
| 100 | _aMUHLEMANN,ALAN | ||
| 245 | _aPRODUCTION AND OPERATIONS MANAGEMENT | ||
| 250 | _a6TH | ||
| 260 |
_aNEW DELHI _bPEARSON _c2009 |
||
| 300 | _a557 | ||
| 650 | _aPRODUCTION MANAGEMENT | ||
| 653 | _aSTRATEGY AND INTERFACES,THE PRODUCT OR SERVICE,THE PLANT OF FACILITIES, THE PROCESS,THE PROGRAMMERS OR RESOURCE PLANS | ||
| 942 |
_2ddc _cBK |
||
| 999 |
_c8219 _d8219 |
||